Une réplique = un film commençant par T - Statistiques

Statistiques générales
  • Ce quiz a été pris 59 fois
  • Le résultat moyen est 5 sur 20
Statistiques - réponses
Réplique(s) Film(s) % Correct
Il s'appelle Connor. John Connor. Ton fils Sarah. Le fils que tu vas mettre au monde. [Kyle Reese] Terminator
92%
- Le Thessalien que vous affronterez, jamais je n’ai vu quelqu’un d’aussi grand. Moi je refuserais de le combattre. [Messager]- C’est pourquoi personne ne se rappellera ton nom. [Achille] Troie
68%
You talkin’ to me? [Travis] Taxi driver
57%
Con-nichon-a : con comme Émilien, nichon heu… je dis pas ça pour vous Petra c’est pour l’exemple, et a comme aaaaahhhh : CONNICHONA ! Taxi (2)
53%
Je ne veux pas d'amis. [Mark Zuckerberg] The Social Network
53%
J’ai commencé à te haïr au moment ou tu m’as obligé à te désirer [Edward] Twilight (: chapitre 1 - Fascination)
43%
J’ai mis le diamant (collier) dans mon manteau… et je lui ai donné mon manteau ! [Caledon "Cal" Hockley] Titanic
38%
Si c'est une rançon que vous espérez, je vous dis tout de suite que je n'ai pas d'argent mais ce que j'ai en revanche, ce sont des compétences très particulières. Je les ai acquises pendant une longue, très longue carrière et elles seront de véritables cauchemar pour vous. [Bryan] Taken (1)
36%
L’ennemi est dangereux, mais toi ..., t’es pire que l’ennemi… tu es dangereux et con ! [Iceman] Top Gun (1986)
26%
- Mec, tu es sûr que nous sommes invités à cette fête? [Miles]- Bien sûr, c'est un lac... une propriété publique! [Sam Witwicky] Transformers
19%
Le coup le plus rusé que le diable ait réussi, c’est de convaincre tout le monde qu’il n’existe pas. [Verbal] The Usual Suspects
13%
- Je vais te préparer une bonne tasse de Mococoa. Le cacao naturel entièrement récolté à la main sur les ponts du Mont Nicaragua sans édulcorant de synthèse.- Mais à qui tu parles ? Qu’est-ce que tu racontes ?! The Truman Show
9%
J'ai déjà fait la guerre, je n'ai aucune envie de recommencer. J'ai 7 enfants et je ne veux pas qu'ils soient orphelins. [Benjamin Martin] The Patriot (Le Chemin De La Liberté)
8%
Je crois que cette chose copie sa proie et se cache à l'intérieur. [Kate Lloyd] The Thing (2011)
8%
Dans mon slip j’ai un tatouage. Un tatouage en deux temps : quand il roupille c’est une grenade, quand il se réveille c’est une torpille. Est-ce que ça t’intéresserait de le voir ? [Bob à Antoine] Tenue de soirée
6%
- Oh une vache... Oh une autre vache !- En réalité, je pense que c'était la même ! Twister (1996)
6%
Cette vallée n'est qu'un comptoir de self-service pour eux / C'est de là qu'ils attaquent : ils sont sous la terre [Val McKee] Tremors
2%
J’étais un gros con de flic, inspecteur Lambert, tricolore jusqu’au slip. Tchao Pantin
0%
On boira des margaritas au bord de la mer ma macita. Thelma et Louise
0%
- Est-il vrai que vous avez tué un officier ? [Andrew Henry]- Je viens de tuer un homme qui tentait de tuer mon fils. [Hugh Glass] The Revenant
0%
Aucun quiz correspondant
Distribution des résultats
% des personnes avec chaque résultat
Percentile par nombre de réponses
Votre historique - résultats
Vous n’avez pas pris ce quiz